00627nam a2200169 a 450000100100000000500170001000800410002704000250006808200140009310000390010724500790014626000510022530000270027659000250030395201120032899900170044000004732320201002053540.0180502s1994 dr a 000 spa d aDO-SdBNPbspacBNPHU axxxbA4721 aAlvárez Quintero, Serafin948735 3aEl genio alegre :. :bla muela del rey farfán, la reja, mañana de sol. aSanto Domingo :bCultural Panamericana,c1994. a214 p. :bil ;c20 cm. aInventariado,2018/DG 0010718PDaPDbPDcHDd2018-05-02iLF1l0oxxx A472p47323-10r2020-06-25w2020-06-25yLFPDZNo se presta c46811d46811